| 000 | 02294cam a22003737i 4500 | ||
|---|---|---|---|
| 020 | _a9781449369415 | ||
| 020 | _a1449369413 | ||
| 082 | 0 | 4 |
_a005.133 _bMUL |
| 100 | 1 |
_aMüller, Andreas C., _eauthor. |
|
| 245 | 1 | 0 |
_aIntroduction to machine learning with Python : _ba guide for data scientists / _cAndreas C. Müller and Sarah Guido. |
| 250 | _aFirst edition. | ||
| 260 |
_aBeijing: _bOreilly Media,Inc; _c2017. |
||
| 300 |
_axii, 376 pages : _billustrations ; _c24 cm |
||
| 563 | _aPB. | ||
| 650 | 0 | _aPython (Computer program language) | |
| 650 | 0 |
_aProgramming languages (Electronic computers) _93683 |
|
| 650 | 0 | _aData mining. | |
| 650 | 7 |
_aData mining. _9125485 |
|
| 650 | 7 |
_aProgramming languages (Electronic computers) _93683 |
|
| 650 | 7 |
_aPython (Computer program language) _9125486 |
|
| 650 | 7 |
_aMaschinelles Lernen _934971 |
|
| 650 | 7 |
_aE-BOOKBANK.SEECSTEXTBOOK _9125472 |
|
| 700 | 1 |
_aGuido, Sarah, _9123679 |
|
| 856 | _uhttp://10.250.8.41:8080/xmlui/handle/123456789/41792 | ||
| 942 |
_2ddc _cBK |
||
| 999 |
_c609795 _d609795 |
||